000 00695nam a2200241Ia 4500
001 1924
003 GE_BSU
008 181216s||||||||xx |||||||||||||| ||und||
020 _a591203082
040 _cGE_BSU
080 _a342.4(1-87))075.8)
100 _aЯкушев,А.В
245 _aКонституционное право зарубежных стран .
245 _bКонспект лукций.
260 _aМосква
260 _bПриор
260 _c2005
300 _a416 с. 16 см.
520 _aВ помощь студенту
541 _h10 л.
653 _aКонституционное право зарубежных стран
942 _cBK
999 _c36025
_d36025